Be dazzled / (Record no. 366444)
[ view plain ]
| 000 -LEADER | |
|---|---|
| fixed length control field | 00533nam a22001937a 4500 |
| 003 - CONTROL NUMBER IDENTIFIER | |
| control field | 0 |
| 005 - DATE AND TIME OF LATEST TRANSACTION | |
| control field | 20241003092642.0 |
| 008 - FIXED-LENGTH DATA ELEMENTS--GENERAL INFORMATION | |
| fixed length control field | 241003b xxu||||| |||| 00| 0 eng d |
| 020 ## - INTERNATIONAL STANDARD BOOK NUMBER | |
| International Standard Book Number | 9781728240411 |
| 050 ## - LIBRARY OF CONGRESS CALL NUMBER | |
| Classification number | PZ 7.1 |
| Item number | .L11 2021 |
| 100 ## - MAIN ENTRY--PERSONAL NAME | |
| Personal name | La Sala, Ryan, |
| Relator term | author. |
| 245 ## - TITLE STATEMENT | |
| Title | Be dazzled / |
| Statement of responsibility, etc | Ryan La Sala. |
| 260 ## - PUBLICATION, DISTRIBUTION, ETC. (IMPRINT) | |
| Place of publication, distribution, etc | Naperville, Illinois : |
| Name of publisher, distributor, etc | Sourcebooks Fire, |
| Date of publication, distribution, etc | 2021. |
| 300 ## - PHYSICAL DESCRIPTION | |
| Extent | 325 p. ; |
| Dimensions | 21 cm. |
| 650 ## - SUBJECT ADDED ENTRY--TOPICAL TERM | |
| Topical term or geographic name as entry element | Cosplay Fiction. |
| 650 ## - SUBJECT ADDED ENTRY--TOPICAL TERM | |
| Topical term or geographic name as entry element | Costume design Fiction. |
| 650 ## - SUBJECT ADDED ENTRY--TOPICAL TERM | |
| Topical term or geographic name as entry element | Young adult fiction. |
| 942 ## - ADDED ENTRY ELEMENTS (KOHA) | |
| Source of classification or shelving scheme | Library of Congress Classification |
| Koha item type | Books |
| Withdrawn status | Lost status | Source of classification or shelving scheme | Damaged status | Home library | Current library | Shelving location | Date acquired | Source of acquisition | Sub Shelving location | Total Checkouts | Full call number | Barcode | Date last seen | Price effective from | Koha item type |
|---|---|---|---|---|---|---|---|---|---|---|---|---|---|---|---|
| Library of Congress Classification | Luxembourg Library | Luxembourg Library | Teachers Reference Section | 10/03/2024 | Library Fund | PZ 7.1 .L11 2021 | 21260 | 10/03/2024 | 10/03/2024 | Books |